000 00679cab a2200193 4500
001 X3415
008 090401t1996 xxu||||| |||| 00| 0 eng d
035 _a(Sirsi) u30358
041 _aeng
245 _aConstruction research body set up
260 _c1996
350 _a0
490 _aCSM (Chartered Surveyor Monthly)
_v5(7) April 1996, 6(1)
520 _aThe European Council for Construction Research, Development and Innovation (ECCREDI) aims to sharpen quality, safety and evironmental concerns in construction.
650 _aEUROPEAN COUNCIL FOR CONSTRUCTION RESEARCH DEVELOPMENT AND INNOVATION
690 _aBUILT ENVIRONMENT
942 _n0
948 _c04/03/1997
999 _c20458
_d20458